| 000 | 01073cab a2200265 4500 | ||
|---|---|---|---|
| 001 | WB3140-31 | ||
| 008 | 090401t1995 xxu||||| |||| 00| 0 eng d | ||
| 035 | _a(Sirsi) u9162 | ||
| 041 | _aeng | ||
| 245 | _aDefective houses and insurers` rights | ||
| 260 | _c1995 | ||
| 350 | _a0 | ||
| 490 |
_aEstates Gazette _v(9542) 21 October 1995, 133(1) |
||
| 520 | _aExamines the case of "Brown v Albany Construction Co Ltd" where The Royal Insurance Co purchased, from the original owners of a house which had suffered serious damage due to a building defect, at the undamaged value and then sold it for a loss to a third party. The original builders tried to claim that the original owners had suffered no loss and therefore could not claim; judge awarded in favour of plaintiffs. | ||
| 650 | _aBROWN V ALBANY CONSTRUCTION CO LTD | ||
| 650 | _aCOMPENSATION | ||
| 650 | _aDEFECTS | ||
| 650 |
_aInsurance _96249 |
||
| 650 | _aMURPHY V BRENTWOOD DC | ||
| 650 | _aROYAL INSURANCE CO | ||
| 690 |
_aINSURANCE _96249 |
||
| 690 | _aLAW | ||
| 942 | _n0 | ||
| 948 | _c04/03/1997 | ||
| 999 |
_c5684 _d5684 |
||